Actes du Colloque : (Record no. 16009)

000 -LEADER
fixed length control field 00492cam a2200157 a 4500
040 ## - CATALOGING SOURCE
Transcribing agency DLC
082 ## - DEWEY DECIMAL CLASSIFICATION NUMBER
Classification number 658 LAC 1986 A083 Or.
245 00 - TITLE STATEMENT
Title Actes du Colloque :
Remainder of title amélioration de l'élevage en zone tropicale, cas de Madagascar : Madagascar, 3-13 septembre 1985 /
260 ## - PUBLICATION, DISTRIBUTION, ETC. (IMPRINT)
Place of publication Antananarivo :
Name of publisher L'Académie,
Year of publication 1986.
300 ## - PHYSICAL DESCRIPTION
Number of Pages xix, 448 p. :
Other physical details ill. ;
Dimensions 26 cm.
500 ## - GENERAL NOTE
General note French and English.
650 #0 - SUBJECT ADDED ENTRY--TOPICAL TERM
Topical Term Livestock
650 #0 - SUBJECT ADDED ENTRY--TOPICAL TERM
Topical Term Livestock
710 2# - ADDED ENTRY--CORPORATE NAME
Corporate name or jurisdiction name as entry element Académie malgache.
942 ## - ADDED ENTRY ELEMENTS (KOHA)
Koha item type សៀវភៅភាសាអង់គ្លេស
952 ## - LOCATION AND ITEM INFORMATION (KOHA)
Withdrawn status [LOCAL, KOHA] 0
Holdings
Permanent Location Date acquired Koha item type Lost status Shelving location Barcode Current Location Full call number
Library Block A2017-12-26សៀវភៅភាសាអង់គ្លេស A083A12295Library Block A658 LAC 1986 A083 Or.
មជ្ឈមណ្ឌលឯការនៃសាកលវិទ្យាល័យភូមិន្ទកសិកម្មចំការដូង

Powered by Koha